Countries Least Similar To Malaysia - Statistics

General Stats
  • This quiz has been taken 26 times
  • The average score is 8 of 23
Answer Stats
Rank Country Score % Correct
8 United States 47.3
83%
13 Canada 47.9
79%
13 Norway 47.9
63%
11 Denmark 47.4
58%
16 Sweden 48.5
58%
5 Finland 46.8
54%
3 Iceland 45.6
54%
20 Estonia 48.7
50%
1 Switzerland 45.3
42%
6 Niger 46.9
38%
16 Belgium 48.5
33%
8 Germany 47.3
33%
4 Chad 45.7
29%
20 Central African Republic 48.7
17%
20 Democratic Republic of the Congo 48.7
13%
8 Haiti 47.3
13%
20 Mozambique 48.7
13%
7 Angola 47.2
8%
1 Burundi 45.3
8%
15 Eritrea 48.0
8%
18 Rwanda 48.6
8%
18 South Sudan 48.6
8%
12 Togo 47.8
4%
No matching quizzes found
Score Distribution
Percent of People with Each Score
Percentile by Number Answered
Your Score History
You have not taken this quiz